| 000 | 00441nam a2200181Ia 4500 | ||
|---|---|---|---|
| 003 | GCL | ||
| 008 | 140319s9999 xx 000 0 eng d | ||
| 040 |
_aGCL / _cGCL |
||
| 082 | 0 | 4 |
_a843 _bB G |
| 100 | 1 | _aBOURIN, JEANNE | |
| 245 | 1 | 0 |
_aLE GRAND FEU / _cBOURIN, JEANNE |
| 260 |
_a[S.N] : _bFOLIO ، _c1995 |
||
| 300 | _a601 P | ||
| 490 |
_aCOLLECTION FOLIO _v0 |
||
| 650 | 0 | 4 | _aLITERATURE |
| 650 | 0 | 4 | _aFRENCH LITERATURE |
| 942 |
_2ddc _cBK |
||
| 999 |
_c22806 _d22806 |
||